Sports Quiz

Random Sports or City Quiz

NFL Teams Venn Diagram Quiz Stats

 Plays Quiz Updated Nov 14, 2017

Score 0/8 Timer 03:00
15 Plays Today
% Correct
Miami Dolphins
86.4%
San Francisco 49ers
83.6%
Green Bay Packers
83.2%
Buffalo Bills
79.9%
Seattle Seahawks
79.8%
Kansas City
Chiefs
74.7%
Denver
Broncos
74.3%
Chicago Bears
68.1%

You're not logged in!

Compare scores with friends on all Sporcle quizzes.
OR
Log In

You Might Also Like...

Show Comments

Extras

Top Quizzes Today


Score Distribution

Your Account Isn't Verified!

In order to create a playlist on Sporcle, you need to verify the email address you used during registration. Go to your Sporcle Settings to finish the process.

Report this User

Report this user for behavior that violates our Community Guidelines.

Details: